<?xml version="1.0" encoding="UTF-8"?>
<record
    xmlns:xsi="http://www.w3.org/2001/XMLSchema-instance"
    xsi:schemaLocation="http://www.loc.gov/MARC21/slim http://www.loc.gov/standards/marcxml/schema/MARC21slim.xsd"
    xmlns="http://www.loc.gov/MARC21/slim">

  <leader>00999cam a22002291  4500</leader>
  <controlfield tag="001">gs 27000263 </controlfield>
  <controlfield tag="003">DLC</controlfield>
  <controlfield tag="005">20260227111331.0</controlfield>
  <controlfield tag="008">820826s1927    kyu           000 0 eng c</controlfield>
  <datafield tag="010" ind1=" " ind2=" ">
    <subfield code="a">gs 27000263 </subfield>
  </datafield>
  <datafield tag="035" ind1=" " ind2=" ">
    <subfield code="a">(OCoLC)8721884</subfield>
  </datafield>
  <datafield tag="040" ind1=" " ind2=" ">
    <subfield code="a">U. S. Geol. Survey. Libr.</subfield>
    <subfield code="c">GStG</subfield>
    <subfield code="d">KyBB</subfield>
    <subfield code="d">OCoLC</subfield>
    <subfield code="d">DLC</subfield>
  </datafield>
  <datafield tag="042" ind1=" " ind2=" ">
    <subfield code="a">premarc</subfield>
  </datafield>
  <datafield tag="050" ind1="0" ind2="0">
    <subfield code="a">QE115</subfield>
    <subfield code="b">.A3 ser. 6, pam. 13</subfield>
  </datafield>
  <datafield tag="051" ind1=" " ind2=" ">
    <subfield code="a">TN24.K4</subfield>
    <subfield code="b">J56</subfield>
    <subfield code="c">Copy 2.</subfield>
  </datafield>
  <datafield tag="100" ind1="1" ind2=" ">
    <subfield code="a">Jillson, Willard Rouse,</subfield>
    <subfield code="d">1890-</subfield>
  </datafield>
  <datafield tag="245" ind1="1" ind2="0">
    <subfield code="a">Kentucky's mineral resources,</subfield>
    <subfield code="b">a brief geologic and geographic review, coupled with summary statistics of production,</subfield>
    <subfield code="c">by Willard Rouse Jillson, director and state geologist.  Thirty-seven photographic illustrations and mineral index maps of Kentucky.</subfield>
  </datafield>
  <datafield tag="260" ind1=" " ind2=" ">
    <subfield code="a">Frankfort, Kentucky,</subfield>
    <subfield code="b">The Kentucky Geological Survey,</subfield>
    <subfield code="c">1927.</subfield>
  </datafield>
  <datafield tag="300" ind1=" " ind2=" ">
    <subfield code="a">45 p.</subfield>
    <subfield code="b">incl. front., illus., maps, tables.</subfield>
    <subfield code="c">23 cm.</subfield>
  </datafield>
  <datafield tag="410" ind1="2" ind2="0">
    <subfield code="a">Kentucky Geological Survey.</subfield>
    <subfield code="t">Series VI.  Pamphlet,</subfield>
    <subfield code="v">no. 13.</subfield>
  </datafield>
  <datafield tag="650" ind1=" " ind2="0">
    <subfield code="a">Mines and mineral resources</subfield>
    <subfield code="z">Kentucky.</subfield>
  </datafield>
  <datafield tag="999" ind1=" " ind2=" ">
    <subfield code="c">26574</subfield>
    <subfield code="d">26574</subfield>
  </datafield>
</record>
